Southville International School and Colleges
Your cart is empty.
  • Cart
  • Lists
    Public lists Eva Luna New books Lux_list list_1
    Your lists Log in to create your own lists
  • Log in to your account
  • Your cookies
  • Search history
Southville International School and Colleges
  • Advanced search
  • Recent comments
  • Most popular
  • Libraries

Log in to your account

Log in with GOOGLE


If you do not have an external account, but do have a local account, you can still log in:

  1. Home
  2. MARC view: Killing marketing :
Normal view MARC view ISBD view

Killing marketing : (Record no. 361324)

[ view plain ]
MARC details
000 -LEADER
fixed length control field 00569nam a2200181Ia 4500
003 - CONTROL NUMBER IDENTIFIER
control field SISC
005 - DATE AND TIME OF LATEST TRANSACTION
control field 20190704140154.0
008 - FIXED-LENGTH DATA ELEMENTS--GENERAL INFORMATION
fixed length control field 190228s9999 xx 000 0 und d
020 ## - INTERNATIONAL STANDARD BOOK NUMBER
International Standard Book Number 9781260026429
050 ## - LIBRARY OF CONGRESS CALL NUMBER
Classification number HF 5415.13
Item number .P981 2018
100 ## - MAIN ENTRY--PERSONAL NAME
Personal name Pulizzi, Joe.
245 ## - TITLE STATEMENT
Statement of responsibility, etc Joe Pulizzi, Robert Rose.--
Title Killing marketing :
Remainder of title how innovative business are turning marketing cost into profit /
260 ## - PUBLICATION, DISTRIBUTION, ETC. (IMPRINT)
Place of publication, distribution, etc USA :
Name of publisher, distributor, etc McGraw-Hill Education
Date of publication, distribution, etc 2018
300 ## - PHYSICAL DESCRIPTION
Extent xii, 258 pages.
500 ## - GENERAL NOTE
General note Includes indexes.
650 ## - SUBJECT ADDED ENTRY--TOPICAL TERM
Topical term or geographic name as entry element Marketing -- Management.
942 ## - ADDED ENTRY ELEMENTS (KOHA)
Source of classification or shelving scheme Library of Congress Classification
Koha item type Books
Holdings
Withdrawn status Lost status Damaged status Home library Current library Shelving location Date acquired Source of acquisition Total Checkouts Full call number Barcode Date last seen Price effective from Koha item type
      College Library College Library Reserve Section 02/28/2019 Library Fund   HF 5415.13 .P981 2018 C21795 02/28/2019 02/28/2019 Books

Killing marketing :

APA

Pulizzi J., . (2018). Killing marketing. USA: McGraw-Hill Education.

Chicago

Pulizzi Joe, . 2018. Killing marketing. USA: McGraw-Hill Education.

Harvard

Pulizzi J., . (2018). Killing marketing. USA: McGraw-Hill Education.

MLA

Pulizzi Joe, . Killing marketing. USA: McGraw-Hill Education. 2018.

  • Place hold
  • Print
  • Cite
  • Add to your cart (remove)
  • Save record
    BIBTEX Dublin Core MARCXML MARC (non-Unicode/MARC-8) MARC (Unicode/UTF-8) MARC (Unicode/UTF-8, Standard) MODS (XML) RIS
  • More searches
    Search for this title in:
    Other Libraries (WorldCat) Other Databases (Google Scholar) Online Stores (Bookfinder.com) Open Library (openlibrary.org)

Exporting to Dublin Core...

SOUTHVILLE LIBRARY

Southville International School and Colleges Library

1281 Tropical Ave. Cor. Luxembourg St., BF Homes International, Las Pinas City

Tel. No. 8256374 / 252358 Loc. 117/146

Powered by Koha